LIBRARY ONLINE CATALOGUE

Network security tools (Record no. 18329)

MARC details
000 -LEADER
fixed length control field 00588nam a22001937a 4500
008 - FIXED-LENGTH DATA ELEMENTS--GENERAL INFORMATION
fixed length control field 200722b xxu||||| |||| 00| 0 eng d
020 ## - INTERNATIONAL STANDARD BOOK NUMBER
International Standard Book Number 0596007949
040 ## - CATALOGING SOURCE
Original cataloging agency KABU
Transcribing agency KABU
050 ## - LIBRARY OF CONGRESS CALL NUMBER
Classification number QA76.9
Item number .A25D43 2005 c. 1
100 ## - MAIN ENTRY--PERSONAL NAME
Personal name Dhanjani, Nitesh
245 ## - TITLE STATEMENT
Title Network security tools
Statement of responsibility, etc. Nitesh Dhanjani and Justin Clarke
260 ## - PUBLICATION, DISTRIBUTION, ETC. (IMPRINT)
Place of publication, distribution, etc. Beijing
Name of publisher, distributor, etc. O'Reilly Media
Date of publication, distribution, etc. 2005
300 ## - PHYSICAL DESCRIPTION
Extent xiii, 324 p.
650 ## - SUBJECT ADDED ENTRY--TOPICAL TERM
Topical term or geographic name as entry element Computer security
650 ## - SUBJECT ADDED ENTRY--TOPICAL TERM
Topical term or geographic name as entry element Computer networks
General subdivision security measures
650 ## - SUBJECT ADDED ENTRY--TOPICAL TERM
Topical term or geographic name as entry element Computers
General subdivision Access control
700 ## - ADDED ENTRY--PERSONAL NAME
Personal name Clarke, Justin
942 ## - ADDED ENTRY ELEMENTS (KOHA)
Source of classification or shelving scheme Library of Congress Classification
Koha item type General Collection
Classification part QA76.9
Holdings
Withdrawn status Lost status Source of classification or shelving scheme Not for loan Home library Current library Date acquired Cost, normal purchase price Total Checkouts Full call number Barcode Checked out Date last seen Date last checked out Copy number Price effective from Koha item type
    Library of Congress Classification   Kabarak, Main Campus Kabarak, Main Campus 22/07/2020 3194.00 1 QA76.9 .A25D43 2005 c. 1 030243 04/02/2023 19/01/2023 19/01/2023 c. 1 22/07/2020 General Collection
    Library of Congress Classification   Kabarak, Main Campus Kabarak, Main Campus 22/07/2020 3194.00 2 QA76.9 .A25D43 2005 c. 2 030245   31/01/2023 16/01/2023 c. 2 22/07/2020 General Collection
    Library of Congress Classification   Kabarak, Nakuru City Campus Kabarak, Main Campus 22/07/2020 3194.00 1 QA76.9 .A25D43 2005 c. 1 029992   13/10/2023 21/09/2023 c. 1 22/07/2020 General Collection